| 000 | 00879nam a2200277Ia 4500 | ||
|---|---|---|---|
| 003 | OSt | ||
| 005 | 20220926015020.0 | ||
| 006 | a|||||r|||| 00| 0 | ||
| 007 | ta | ||
| 008 | 220923b |||||||| |||| 00| 0 eng d | ||
| 020 |
_a0125286325 _c2805.48 |
||
| 037 |
_b5199, 25/02/2005, Overseas _cGeneral Book |
||
| 040 |
_aRTL _cRTL _beng |
||
| 041 |
_2eng _aeng |
||
| 082 | _aX:(B2892), N0 | ||
| 100 | _aOsborne Martin J | ||
| 245 | 0 | _aBargaining and markets | |
| 260 |
_aNew York _bNew Academic Press _c1990 |
||
| 300 |
_ax,216p _ccm. |
||
| 490 | _aEconomic theory ,Econometrics and Economics | ||
| 500 | _aBibliography P199-210 | ||
| 650 |
_aEconomics irt Game theory _9233448 |
||
| 700 |
_a Rubinstein Ariel _9248865 |
||
| 942 |
_hX:(B2892), N0 _cGB _2CC |
||
| 999 |
_c630377 _d630377 |
||